| 000 | 00434nam a22001577a 4500 | ||
|---|---|---|---|
| 020 | _a9789692208598 | ||
| 082 |
_a297.4 _bAZE |
||
| 100 | _aAzeemi, Khawaja Shams Ul Deen | ||
| 245 | _aNazriya-e-Rang-o-Noor | ||
| 260 |
_aKarachi : _bAzeemi University Press, _c2022. |
||
| 300 |
_a161 p. ; _c22 cm. |
||
| 563 | _aHBK. | ||
| 650 |
_aتصوف _9113847 |
||
| 880 |
_6245-02\r _aنظریہ رنگ و نُور |
||
| 942 |
_2ddc _cBK |
||
| 999 |
_c595042 _d595042 |
||